|
|
|
|
| LEADER |
01074nam a22002177a 4500 |
| 001 |
13672 |
| 003 |
BD-DhAAL |
| 005 |
20141209101009.0 |
| 008 |
141209s1997 bg a|||| b||| 00| 0 ben d |
| 040 |
|
|
|a BD-DhAAL
|c BD-DhAAL
|
| 082 |
|
|
|2 22
|a 362.5/095492
|
| 245 |
|
|
|a দারিদ্র্য ও উন্নয়ন :
|b প্রেক্ষাপট বাংলাদেশ
|
| 260 |
|
|
|a ঢাকা :
|b বাংলাদেশ উন্নয়ন গবেষণা প্রতিষ্ঠান (বি. আই. ডি. এস),
|c ১৯৯৭
|
| 300 |
|
|
|a ২৩৬ পৃ. :
|c ২৫ সে. মি.
|
| 541 |
|
|
|e 13672
|
| 650 |
|
|
|a Poverty
|z Bangladesh
|9 6742
|
| 710 |
|
|
|a বাংলাদেশ উন্নয়ন গবেষণা প্রতিষ্ঠান (বি. আই. ডি. এস),
|9 6743
|
| 852 |
|
|
|a Ayesha Abed Library
|
| 942 |
|
|
|2 ddc
|c BK
|
| 999 |
|
|
|c 33277
|d 33277
|
| 952 |
|
|
|0 0
|1 0
|2 ddc
|4 0
|6 362_509549200000000_DAR
|7 0
|9 44435
|a BRACUL
|b BRACUL
|c GEN
|d 2014-12-09
|g 110.00
|l 3
|m 11
|o 362.5095492 DAR
|p 3010013672
|r 2023-04-09
|s 2023-02-01
|t 1
|w 2014-12-09
|y BK
|